United States Coast Guard Ranks - Statistics

General Stats
  • This quiz has been taken 47 times
  • The average score is 16 of 24
Answer Stats
Paygrade Rank % Correct
E3 Seaman
89%
E7 Chief Petty Officer
78%
O3 Lieutenant
78%
E6 Petty Officer First Class
78%
E5 Petty Officer Second Class
78%
E4 Petty Officer Third Class
78%
O10 Admiral
74%
O5 Commander
74%
O1 Ensign
74%
E9 Master Chief Petty Officer
74%
E1 Seaman Recruit
74%
O6 Captain
70%
O8 Rear Admiral
67%
E2 Seaman Apprentice
67%
O9 Vice Admiral
67%
O4 Lieutenant Commander
63%
E8 Senior Chief Petty Officer
63%
E9 Command Master Chief Petty Officer
59%
O2 Lieutenant Junior Grade
59%
W2 Chief Warrant Officer 2
56%
W3 Chief Warrant Officer 3
56%
W4 Chief Warrant Officer 4
56%
E9 Master Chief Petty Officer of the Coast Guard
56%
O7 Rear Admiral Lower Half
56%
No matching quizzes found
Score Distribution
Percent of People with Each Score
Percentile by Number Answered
Your Score History
You have not taken this quiz